Регионална библиотека "Любен Каравелов" - Русе

Делтапланеризъм (Запис номер 57268)

MARC детайли
000 -Лидер
Контролно поле с фиксирана дължина 01398nam a2200325 c 4500
003 - Код на организацията, давaща контролен номер
Контролно поле BLK
005 - Дата и час на последна редакция
Контролно поле 20230127133227.0
008 - Елементи от данни с фиксирана дължина
fixed length control field 180408b bul|||||r ||||||| ||bul||
010 ## - Наследен системен номер
LC control number KNG00061263000
040 ## - Източник на каталожния запис
Идентификатор на билиотеката - собственик на записа BLK
041 ## - Код за език
Код за езика на текст/звукозапис или на отделно заглавие Български
Код за езика КДБФ Български
080 ## - УДК
Текстов определител УДК Полети на др. летателни апарати. Делтапланеризъм, парапланеризъм (балони), висш пилотаж, въздушна акробатика и др.
УДК код - определител по УДК 797.56
УДК определител (035)
УДК - код + определител 797.56(035)
100 1# - Редна дума - Автор
Автор Ордоди, Мартон
Авторска отговорност първи автор
R(LIN) 104813
139 ## - Редно поле
Редна дума Ордоди, Мартон
Авторски знак Орд - О 68
245 10 - Сведения за заглавието
Заглавие Делтапланеризъм
Подзаглавни данни Ръководство
Редно поле (дума) Мартон Ордоди; прев. от унг. Милко Милков.
257 ## - Страна на издаване
Страна на създаване/издаване Унгария
260 ## - Област на издателските данни
-- София
Име на издателя, разпространителя и проч. Техника
Година на издаване 1988
Печатница Враца : В. Александров
300 ## - Физическа характеристика
Страници 200 с.
Илюстрации и др. с черт., диагр., табл.
Размери/Мащаб 22 см
380 ## - Жанр
Жанр 793/799 Спорт
500 ## - Общи забележки
Забележка Ориг. загл. Saruanyrepules / Ordody Marton. - Библиогр. с. 196-197
504 ## - Забележка за наличие на библиография и др
Забележка за наличие на библиография и под. 196-197
650 #4 - Допълнително описание по предмет – тема
Основно описание – тема или топоним Делтапланеризъм
9 (RLIN) 152958
653 ## - Ключова дума – ненормативна
Ключова дума делтапланеризъм
700 1# - Други автори (авторска отговорност)
Лично име Милков, Милко
Автороска отговорност (Описва отношението между автора и произведението) прев. от унг.
9 (RLIN) 369467
852 ## - Местоположение
Форматна сигнатура Цб 154497
856 4# - Електронен адрес и достъп
Електронен формат pdf - файл
Път до файла /url/
856 4# - Електронен адрес и достъп
Електронен формат pdf - файл
Път до файла /url/
942 ## - АРТИКУЛИ
Вид на библиотечния материал Книги
Скрит в OPAC Не
Koha issues (borrowed), all copies 4
944 ## - СЪЗДАВАНЕ И РЕДАКЦИЯ на ЗАПИСА
Създаване/Редакция Създаване
Дата на регистрацията/редакция 13.06.2004
Служител, извършил регистрацията/редакцията Геновева_Генчева
944 ## - СЪЗДАВАНЕ И РЕДАКЦИЯ на ЗАПИСА
Създаване/Редакция Редакция
Дата на регистрацията/редакция 19.04.2010
Служител, извършил регистрацията/редакцията
999 ## - СИСТЕМНИ КОНТРОЛНИ НОМЕРА
Koha biblionumber 57268
Koha biblioitemnumber 57268
Наличности
Код за отписване Код за изгубен артикул Източник на класификационната схема Код за повреда Коз за рестрикции Код за отдаване Артикулен № Име на библиотеката - собственик Име на библиотеката, в която се намира в момента Статус (Текущо местоположение) Дата на вписване в системата Местоположение - отдел Цена в лева Инвентарен номер Систематично азбучна сигнатура Баркод Номер на екземпляра Цена в евро Служебна бележка Служебен тип на артикула
  Не е изгубен Universal Decimal Classification Не е повреден без рестрикции ползва се в читалня 92454 Регионална библиотека "Любен Каравелов" Русе Регионална библиотека "Любен Каравелов" Русе Хранилище 1988-01-01 Хранилище 1.56 505981 Цб 154497 120000505981 1 0.80 Дост: Dp Вид: Д N: стар фонд Дата: 01.01.1988 Книги
  Не е изгубен Universal Decimal Classification Не е повреден без рестрикции заемане за дома 92455 Регионална библиотека "Любен Каравелов" Русе Регионална библиотека "Любен Каравелов" Русе Заемна - подръчен фонд 1988-01-01 Заемна - подръчен фонд 1.56 505673 П 796/О 68 120000505673 2 0.80 Дост: Pk Вид: Ф N: стар фонд Дата: 01.01.1988 Дата инв: 08.02.2018 Бележки инв: П2018 Книги
  Не е изгубен Universal Decimal Classification Не е повреден без рестрикции ползва се в читалня 92456 Регионална библиотека "Любен Каравелов" Русе Регионална библиотека "Любен Каравелов" Русе Читалня 1988-01-01 Читалня 1.56 505674 Ч 796/799/О 68 120000505674 3 0.80 Дост: Pk Вид: Ф N: стар фонд Дата: 01.01.1988 Дата инв: 20.03.2017 Бележки инв: Ч2017 Книги
Vip Innovations Ltd, Rousse, Bulgaria 2025